000 01021nam0a22002771 4500
001 rc\3192487
005 20250530093152.0
021 _aRU
_b75-95893
021 _aRU
_bРг1154-76
035 _a(NLR Aleph) 007340689
090 _a6105930
_c6105930
100 _a20120628d1975 |||y0rusy50 ca
101 0 _arus
102 _aRU
105 _aa z |||||
200 1 _aК вопросу о распределении вещества в ядрах, удаленных от долины бета-стабильности
210 _aЛенинград
_cБ. и.
_d1975
215 _a24 с.
_cил.
_d20
225 1 _aАН СССР. Ленинградский институт ядерной физики имени Б.П. Константинова. [Препринт]
_v№ 195
320 _aБиблиогр.: с. 23-24
700 1 _aБерлович
_bЭ.Е.
_gЭммануил Ефремович
801 0 _aRU
_bNLR
_gpsbo
801 1 _aRU
_bELAR
_2rusmarc
852 _aNLR
_j76-4/1196
942 _cBOOK
980 _aNB